000 00551nam a2200217Ia 4500
003 OSt
005 20220924134358.0
006 a|||||r|||| 00| 0
007 ta
008 220923b |||||||| |||| 00| 0 snd d
024 _a273931
037 _cTextual
040 _aARTS
_cARTS
_bsnd
041 _2snd
_asnd
082 _aO1593,3N21,JS, J9.1-.2
100 _aMalhi Govind
245 0 _aJin soori bhanain Sejh
260 _c1959
942 _hO1593,3N21,JS, J9.1-.2
_cTEXL
_2CC
999 _c437300
_d437300